000 01206nam a2200325 a 4500
001 000110889
003 CHAP
005 20220329144149.0
008 141017s2014 mx sm |||||||spa d
010 _a107351
011 _a108323
040 _cCHAP
090 _aTesis
100 1 _aHernández Ruiz, Viviana
_9128643
245 1 0 _aCalidad de planta en Quercus rugosa Nee y tamaño de contenedor
_h[En línea]
_cpor Viviana Hernández Ruiz y Victoria Pacheco Almaraz.
260 _aChapingo, Méx. :
_bEl autor,
_c2014.
500 _aPara ver el contenido del material haga clic en la liga
502 _aTesis (Ing. Agr. Esp. en Forestal) -- UACH. Departamento División de Ciencias Forestales
590 _aE11695DGD
_b10
_c20141122
_lUCH01
_h1421
590 _aE5765TAJ
_b05
_c20141017
_lUCH01
_h1318
590 _aE5765TAJ
_b05
_c20141017
_lUCH01
_h1319
650 1 4 _aContenedores.
_927440
650 1 4 _aQuercus rugosa Née
_xCalidad.
_9126240
650 1 4 _aQuercus rugosa Née
_xMorfología y fisiología.
_9126239
700 1 _aPacheco Almaraz, Victoria
_9128644
856 _aFinding aid
_uhttp://10.13.5.2/tesis/sist110889.pdf
_zTeclea aquí
901 _aBK
942 _cTESIS
942 _n0
999 _c107351
_d107351